| 000 | 00920nam0a2200277 4500 | ||
|---|---|---|---|
| 001 | RU\NLR\ONL1\9181 | ||
| 005 | 20250613120146.0 | ||
| 035 | _a(NLR Aleph) 009637929 | ||
| 090 |
_a9533471 _c9533471 |
||
| 100 | _a20060727d1931 |||y0rusy50 ca | ||
| 101 | 0 | _audm | |
| 102 | _aRU | ||
| 105 | _ay ||||||||| | ||
| 200 | 1 |
_aМар ужано колхозын инмарлы оскисьтэм муртлы _f[Пер. И. Дмитриев] |
|
| 210 |
_aМ. _cЦентриздат _d1931 |
||
| 215 |
_a48 с. _d18 |
||
| 541 | 1 |
_aЧто должен делать безбожник в колхозе _zrus |
|
| 606 | 0 |
_aАтеистическое воспитание _91032665 _3RU\NLR\auth\6678583 |
|
| 686 | 1 | _aЭ165.3 | |
| 700 | 1 |
_aДайри _bН. _4070 |
|
| 801 | 0 |
_aRU _bNLR _c20060727 _gPSBO |
|
| 852 |
_aNLR _bОНЛ _jУдмур./2-187 |
||
| 942 | _cBOOK | ||
| 980 | _aNB | ||